00472nam a22001577a 450000500170000001000150001702000300003203500140006203700090007608200080008510000250009324501090011826000530022727000130028030000210029320220107125340.0 aENG-131018 a978-1-942-426-103c449.00 aEN-114550 bDBAD a954 aRawal, Manoshi Sinha aSaffron Swords:cManoishi Sinha Rawal, Yogaditya Singh RawalbCenturies of Indic REsistance ot Invaders/ aGurugrambGaruda Prakashan Private Limitedc2019 bGurugram a258p.c22cm(pbk)